000
00275nam a2200109Ia 4500
008
200302s9999 xx 000 0 und d
100
_a
Bo Sodersten & other
245
_a
International Economics 3rd ed.
260
_b
Macmillan Indian Ltd.
260
_c
1994
300
_a
714 P.,
999
_c
5506
_d
5506